| 000 | 00502cam a2200145 4500500 | ||
|---|---|---|---|
| 005 | 20260322013630.0 | ||
| 041 | _afre | ||
| 042 | _adc | ||
| 100 | 1 | 0 |
_aGuidon-Le Brun, Maryvonne _eauthor |
| 245 | 0 | 0 | _aI use chemicals. How do I know if my site qualifies for ICPE classification? |
| 260 | _c2026. | ||
| 500 | _a49 | ||
| 786 | 0 | _nEnvironment | - | 2026-03-09 | p. 9-9 | |
| 856 | 4 | 1 | _uhttps://stm.cairn.info/managing-a-classified-facility--bdti22711210-fic0307-page-9?lang=en&redirect-ssocas=7080 |
| 999 |
_c1782334 _d1782334 |
||